| LEADER | 02335nam a2200457 i 4500 | ||
|---|---|---|---|
| 001 | 311413 | ||
| 003 | CZ PrSKC | ||
| 005 | 20260601215705.0 | ||
| 007 | ta | ||
| 008 | 211004s2021 xr a b 000 j cze d | ||
| 015 | |a cnb003364856 | ||
| 020 | |a 9788000063829 |q (vázáno) : |c Kč 249,00 | ||
| 035 | |a (OCoLC)1284974274 | ||
| 040 | |a ABG001 |b cze |e rda | ||
| 072 | 7 | |a 821.162.3-3 |x Česká próza |2 Konspekt | |
| 072 | 7 | |a 821-93 |x Literatura pro děti a mládež (beletrie) |2 Konspekt | |
| 080 | |a 821.162.3-32 |2 MRF | ||
| 080 | |a 821-93 |2 MRF | ||
| 080 | |a (0:82-32) |2 MRF | ||
| 100 | 1 | |a Peroutková, Ivana, |d 1960- |7 jn20000401963 |4 aut | |
| 245 | 1 | 0 | |a Anička a cirkus / |c Ivana Peroutková ; ilustrovala Eva Mastníková |
| 250 | |a 2. vydání | ||
| 264 | 1 | |a Praha : |b Albatros, |c 2021 | |
| 300 | |a 131 stran : |b barevné ilustrace ; |c 22 cm | ||
| 336 | |a text |b txt |2 rdacontent | ||
| 337 | |a bez média |b n |2 rdamedia | ||
| 338 | |a svazek |b nc |2 rdacarrier | ||
| 520 | 2 | |a Další volné pokračování o Aničce a jejích kamarádkách, tentokrát přijede cirkus. |b Cirkus přijel! nese se ráno nadšeně celou třídou. Anička se hned domluví s kamarádkami, že se po vyučování poběží k šapitó podívat. Anička je cirkusovým prostředím okouzlená - tak ráda by taky vystupovala v sobotním představení. Proto se na místo pozdě odpoledne ještě jednou vrátí. A potká se s malou provazochodkyní Bětkou. Že by novou kamarádkou? Možná že ta Aničce splní její největší přání. Nakladatelská anotace. | |
| 521 | 8 | |a Pro čtenáře od 7 let | |
| 655 | 7 | |a české příběhy |7 fd133973 |2 czenas | |
| 655 | 7 | |a publikace pro děti |7 fd133156 |2 czenas | |
| 655 | 9 | |a Czech stories |2 eczenas | |
| 655 | 9 | |a children's literature |2 eczenas | |
| 700 | 1 | |a Mastníková, Eva |7 jn20001103507 |4 ill | |
| 787 | 0 | 8 | |i Z cyklu: |t Anička |g 5 |
| 900 | |a ABA001 |b 20 | ||
| 928 | 9 | |a Albatros Media - Albatros | |
| 044 | |a xr | ||
| 910 | |a RBIT002 | ||
| 998 | |d 335534 |a https://core.palmknihy.cz/api/books/335534/cover?si7c6b |b https://core.palmknihy.cz/api/books/335534/cover/400?si7c6b |c https://core.palmknihy.cz/api/books/335534/cover/50?si7c6b |e 2031-12-31 |g 136 |i 9788000063829 |k https://core.palmknihy.cz/api/books/335534/preview.pdf |l |q 49 |r 1 |s https://www.palmknihy.cz/kniha/335534 |t ebook |y 2021 |z 0 |v Anička |w 5 | ||
| 999 | |d 311411 | ||